[Event "Euskadi-ch"]
[Site "Getxo"]
[Date "2023.04.16"]
[Round "7.9"]
[White "Rodriguez Parra, Francisco Javier"]
[Black "Varas, Carlos"]
[Result "0-1"]
[WhiteElo "1659"]
[BlackElo "2155"]
[PlyCount "72"]
[EventDate "2023.04.12"]
[EventType "swiss"]
[EventRounds "7"]
[EventCountry "ESP"]
[SourceTitle "EXT 2024"]
[Source "ChessBase"]
[SourceDate "2023.10.10"]
[SourceVersion "1"]
[SourceVersionDate "2023.10.10"]
[SourceQuality "1"]

1. d4 Nf6 2. c4 e6 3. Nf3 b6 4. g3 Bb7 5. Bg2 Be7 6. 0-0 0-0 7. d5 exd5 8. Nh4 Ne4 9. Nf5 dxc4 10. Bxe4 Bxe4 11. Nc3 Bxf5 12. Qd5 Bh3 13. Qxa8 Bxf1 14. Kxf1 Nc6 15. Qb7 Qc8 16. Qxc8 Rxc8 17. Nd5 Bf8 18. Bf4 d6 19. a4 Na5 20. Rc1 c6 21. Ne3 d5 22. Nf5 g6 23. Nh6+ Bxh6 24. Bxh6 f6 25. Bf4 g5 26. Bd6 c5 27. g4 Kf7 28. f3 Nb3 29. Rc2 a6 30. Kf2 b5 31. axb5 axb5 32. e3 Ra8 33. Ke2 Ke6 34. Bg3 d4 35. Kf2 d3 36. Rc3 d2 0-1

[Event "Euskadi-ch"]
[Site "Getxo"]
[Date "2023.04.13"]
[Round "3.4"]
[White "Barbazan Bilbao, Xabier"]
[Black "Varas, Carlos"]
[Result "1-0"]
[WhiteElo "2150"]
[BlackElo "2155"]
[PlyCount "149"]
[EventDate "2023.04.12"]
[EventType "swiss"]
[EventRounds "7"]
[EventCountry "ESP"]
[SourceTitle "EXT 2024"]
[Source "ChessBase"]
[SourceDate "2023.10.10"]
[SourceVersion "1"]
[SourceVersionDate "2023.10.10"]
[SourceQuality "1"]

1. e4 c5 2. Nf3 e6 3. d4 cxd4 4. Nxd4 Nc6 5. Nc3 Qc7 6. Be3 a6 7. Qf3 Nf6 8. 0-0-0 Bc5 9. Nxc6 Bxe3+ 10. Qxe3 dxc6 11. Qg5 0-0 12. e5 Nd7 13. f4 f6 14. exf6 Nxf6 15. g3 Bd7 16. Qc5 Rae8 17. Bc4 Kh8 18. Rhe1 b5 19. Bxe6 Qc8 20. Bxd7 Nxd7 21. Rxe8 Rxe8 22. Qf5 Nf6 23. Qxc8 Rxc8 24. Re1 Kg8 25. Ne4 Nd5 26. Nd6 Rd8 27. Nb7 Rc8 28. Re5 Kf8 29. c3 Nf6 30. Nc5 a5 31. Nb3 a4 32. Nd4 Ng4 33. Re2 Kf7 34. Kc2 g6 35. Nf3 Nf6 36. Ng5+ Kg8 37. Re7 Re8 38. Rxe8+ Nxe8 39. Ne6 Nf6 40. Kd3 Ng4 41. Nd4 Nxh2 42. Nxc6 Nf1 43. g4 h5 44. gxh5 gxh5 45. Nd4 h4 46. Ke2 Nh2 47. Nxb5 h3 48. Nd4 Ng4 49. Kf3 Ne3 50. Kg3 Nd1 51. Kxh3 Nxb2 52. Kg4 Nd1 53. Nb5 Kf7 54. Kf5 Ke7 55. Ke5 Nf2 56. f5 Ng4+ 57. Kd5 Kd7 58. Nd4 Ne3+ 59. Kc5 Nd1 60. Kb4 Kd6 61. a3 Ke5 62. Ne2 Nb2 63. Ng3 Kd5 64. c4+ Nxc4 65. Kxa4 Kc5 66. Kb3 Ne5 67. f6 Kd5 68. Kb4 Ke6 69. Nh5 Kf7 70. Kc5 Kg6 71. Kd5 Nd3 72. Ke6 Kxh5 73. f7 Nf4+ 74. Kf6 Ng6 75. a4 1-0

[Event "Euskadi-ch"]
[Site "Getxo"]
[Date "2022.04.20"]
[Round "2.4"]
[White "Varas, Carlos"]
[Black "Ruiz Turrillas, Alfredo"]
[Result "1-0"]
[WhiteElo "2182"]
[BlackElo "1756"]
[PlyCount "71"]
[EventDate "2022.04.19"]
[EventType "swiss"]
[EventRounds "5"]
[EventCountry "ESP"]
[SourceTitle "EXT 2024"]
[Source "ChessBase"]
[SourceDate "2023.10.10"]
[SourceVersion "1"]
[SourceVersionDate "2023.10.10"]
[SourceQuality "1"]

1. e4 d5 2. exd5 Qxd5 3. Nc3 Qa5 4. d4 Nf6 5. Nf3 Bg4 6. h3 Bxf3 7. Qxf3 c6 8. Bc4 e6 9. 0-0 Be7 10. Bf4 Nbd7 11. Rad1 Nd5 12. Nxd5 cxd5 13. Bb3 Nf6 14. c3 h6 15. Be5 b5 16. Rfe1 0-0 17. a3 Qd8 18. Bc2 a6 19. Qd3 g6 20. Re3 Bd6 21. Rg3 Ne4 22. Rg4 Bxe5 23. dxe5 h5 24. Rf4 Qg5 25. Qe3 Qxe5 26. Bxe4 dxe4 27. Rxe4 Qc7 28. g3 Rfd8 29. Red4 Rxd4 30. Qxd4 Rc8 31. Qf6 Qc6 32. Rd4 Qc7 33. a4 Qc6 34. g4 e5 35. Rd8+ Rxd8 36. Qxc6 1-0

[Event "Euskadi-chT (Vasca) Div 1st"]
[Site "Bergara"]
[Date "2018.01.20"]
[Round "2.5"]
[White "Ladron de Guevara Galar, Francisco Javier"]
[Black "Varas, Carlos"]
[Result "0-1"]
[WhiteElo "2098"]
[BlackElo "2248"]
[PlyCount "74"]
[EventDate "2018.01.13"]
[EventType "team-tourn"]
[EventRounds "9"]
[EventCountry "ESP"]
[SourceTitle "EXT 2020"]
[Source "ChessBase"]
[SourceDate "2019.10.17"]
[SourceVersion "1"]
[SourceVersionDate "2019.10.17"]
[SourceQuality "1"]
[WhiteTeam "Zarautz"]
[BlackTeam "Conteneo Bilbao Haitzak"]
[WhiteTeamCountry "ESP"]
[BlackTeamCountry "ESP"]

1. d4 e6 2. e4 b6 3. Bd3 Bb7 4. Qe2 d5 5. Nf3 dxe4 6. Bxe4 Bxe4 7. Qxe4 c6 8. 0-0 Nf6 9. Qe2 Be7 10. c4 0-0 11. Rd1 Nbd7 12. Nc3 Re8 13. Ne5 Qc7 14. Bf4 Bd6 15. Rd3 a6 16. Bg3 Rad8 17. Rad1 h6 18. Qf3 Rc8 19. b4 Nxe5 20. dxe5 Bxe5 21. Bxe5 Qxe5 22. Rd6 b5 23. c5 a5 24. bxa5 Ra8 25. Qe3 Qxe3 26. fxe3 Rec8 27. a6 b4 28. Na4 Rxa6 29. Nb6 Rc7 30. R1d4 Rxa2 31. Rxb4 Rc2 32. Rd8+ Kh7 33. Nc4 Ra7 34. Rd2 Ra1+ 35. Kf2 Ne4+ 36. Ke2 Nxd2 37. Nxd2 Rxc5 0-1

[Event "Euskadi-chT (Vasca) Div Honor"]
[Site "Bergara"]
[Date "2017.01.28"]
[Round "3.2"]
[White "Varas, Carlos"]
[Black "Gonzalez Pereira, Asier"]
[Result "1-0"]
[WhiteElo "2253"]
[BlackElo "2121"]
[PlyCount "58"]
[EventDate "2017.01.14"]
[EventType "team-tourn"]
[EventRounds "9"]
[EventCountry "ESP"]
[SourceTitle "EXT 2024"]
[Source "ChessBase"]
[SourceDate "2023.10.10"]
[SourceVersion "1"]
[SourceVersionDate "2023.10.10"]
[SourceQuality "1"]

1. e4 c5 2. Nf3 e6 3. Nc3 a6 4. d4 cxd4 5. Nxd4 Qc7 6. Be2 Nf6 7. 0-0 Bb4 8. Qd3 Nc6 9. Nxc6 bxc6 10. Bg5 d5 11. Rad1 Be7 12. Qe3 h6 13. Bh4 Qa7 14. Qd3 a5 15. e5 Nd7 16. Bxe7 Kxe7 17. Qg3 Bb7 18. Kh1 Rag8 19. f4 Qb8 20. Na4 Ba8 21. c4 g5 22. Bh5 gxf4 23. Qxf4 Qxe5 24. Qxf7+ Kd6 25. cxd5 cxd5 26. Rfe1 Rf8 27. Qxd7+ Kxd7 28. Rxe5 Kc6 29. Nc5 Kd6 1-0

[Event "Bilbao op 9th"]
[Site "Bilbao"]
[Date "2016.07.22"]
[Round "9"]
[White "Varas, Carlos"]
[Black "Schut, Han"]
[Result "1-0"]
[WhiteElo "2263"]
[BlackElo "2111"]
[PlyCount "91"]
[EventDate "2016.07.13"]
[EventType "swiss"]
[EventRounds "10"]
[EventCountry "ESP"]
[SourceTitle "CBM 173 Extra"]
[Source "ChessBase"]
[SourceDate "2016.08.29"]
[SourceVersion "1"]
[SourceVersionDate "2016.08.29"]
[SourceQuality "1"]

1. e4 c5 2. Nf3 d6 3. d4 cxd4 4. Nxd4 Nf6 5. Nc3 a6 6. Be2 e5 7. Nf5 d5 8. Bg5 d4 9. Bxf6 Qxf6 10. Nd5 Qd8 11. Bc4 g6 12. Nxd4 Bg7 13. Nf3 0-0 14. 0-0 Nc6 15. c3 Ne7 16. Qe2 Nxd5 17. Bxd5 Rb8 18. Rad1 Qe7 19. Rd3 Kh8 20. Re1 h6 21. Qe3 b6 22. Rd2 Kh7 23. b4 Rd8 24. a3 Bf6 25. Rc2 Kg7 26. c4 Bg4 27. h3 Bxf3 28. Qxf3 Rdc8 29. g3 Rc7 30. Kg2 Qf8 31. Qb3 Be7 32. Qc3 f6 33. Rb1 Bd6 34. Rcb2 Qe8 35. Qc2 Qd7 36. a4 Rbc8 37. a5 b5 38. c5 Bf8 39. Ba2 Kh7 40. Rd1 Qe7 41. Qb3 Bg7 42. Rbd2 h5 43. Qe6 Qxe6 44. Bxe6 Re8 45. Rd6 Rce7 46. Bd7 1-0

[Event "Bilbao op 9th"]
[Site "Bilbao"]
[Date "2016.07.16"]
[Round "4"]
[White "Varas, Carlos"]
[Black "Diaz Herrero, Alvaro"]
[Result "1/2-1/2"]
[WhiteElo "2263"]
[BlackElo "2212"]
[PlyCount "135"]
[EventDate "2016.07.13"]
[EventType "swiss"]
[EventRounds "10"]
[EventCountry "ESP"]
[SourceTitle "CBM 173 Extra"]
[Source "ChessBase"]
[SourceDate "2016.08.29"]
[SourceVersion "1"]
[SourceVersionDate "2016.08.29"]
[SourceQuality "1"]

1. e4 c5 2. Nf3 d6 3. d4 Nf6 4. Nc3 cxd4 5. Nxd4 g6 6. Be2 Bg7 7. 0-0 0-0 8. Nb3 Nc6 9. Be3 Be6 10. f4 Rc8 11. Kh1 a6 12. a4 Na5 13. Nxa5 Qxa5 14. Bf3 Nd7 15. Bd2 Qc7 16. Be2 Bc4 17. f5 Rfe8 18. Bxc4 Qxc4 19. Qg4 Nf6 20. Qf3 b5 21. axb5 axb5 22. b3 Qd4 23. Rad1 b4 24. Nd5 Qxe4 25. Nxf6+ exf6 26. Qg3 d5 27. h3 Qe5 28. Qd3 Qe4 29. Qg3 Re5 30. fxg6 hxg6 31. Bf4 Ree8 32. Rfe1 Qxc2 33. Rxe8+ Rxe8 34. Rxd5 f5 35. h4 Kh7 36. h5 Qe4 37. hxg6+ fxg6 38. Qh4+ Kg8 39. Rd8 Kf7 40. Rd7+ Re7 41. Rxe7+ Qxe7 42. Bg5 Qe4 43. Qxe4 fxe4 44. Kg1 Ke6 45. Kf2 Bf8 46. Ke3 Kf5 47. Bd8 Bc5+ 48. Ke2 Ke5 49. Bg5 Bd6 50. Be3 Kd5 51. Bf2 Bc5 52. Be1 Ke5 53. Bg3+ Kf5 54. Bc7 Bd4 55. Bd6 Bc3 56. Ke3 Ke6 57. Bc7 Kd5 58. Bb6 Bf6 59. Ke2 Be5 60. Ke3 g5 61. g4 Bf4+ 62. Ke2 Bd6 63. Bd8 Kd4 64. Bf6+ Be5 65. Bxg5 Kc3 66. Bd2+ Kxb3 67. Bxb4 Kxb4 68. Ke3 1/2-1/2

[Event "Euskadi-chT (Vasca) Div Honor"]
[Site "Bergara"]
[Date "2016.01.16"]
[Round "2.1"]
[White "Varas, Carlos"]
[Black "Garbisu de Goni, Unai"]
[Result "0-1"]
[WhiteElo "2302"]
[BlackElo "2420"]
[PlyCount "39"]
[EventDate "2016.01.09"]
[EventType "team-tourn"]
[EventRounds "9"]
[EventCountry "ESP"]
[SourceTitle "EXT 2024"]
[Source "ChessBase"]
[SourceDate "2023.10.10"]
[SourceVersion "1"]
[SourceVersionDate "2023.10.10"]
[SourceQuality "1"]

1. e4 e5 2. Nf3 Nc6 3. Nc3 Nf6 4. d4 exd4 5. Nd5 Be7 6. Bc4 0-0 7. 0-0 Nxe4 8. Re1 Nf6 9. Nxe7+ Nxe7 10. Qxd4 d6 11. Bg5 Nf5 12. Qc3 h6 13. Bf4 d5 14. Rad1 c6 15. Bd3 Nh5 16. Be5 f6 17. Bg3 Nhxg3 18. hxg3 Qb6 19. Bxf5 Bxf5 20. Qd4 0-1

[Event "Euskadi-chT (Vasca) Div Honor"]
[Site "Bergara"]
[Date "2014.01.18"]
[Round "2.1"]
[White "Varas, Carlos"]
[Black "Reinaldo Castineira, Roi"]
[Result "0-1"]
[WhiteElo "2272"]
[BlackElo "2482"]
[PlyCount "136"]
[EventDate "2014.01.11"]
[EventType "team-tourn"]
[EventRounds "9"]
[EventCountry "ESP"]
[SourceTitle "EXT 2024"]
[Source "ChessBase"]
[SourceDate "2023.10.10"]
[SourceVersion "1"]
[SourceVersionDate "2023.10.10"]
[SourceQuality "1"]

1. e4 c6 2. d4 d5 3. Nd2 g6 4. Ngf3 Bg7 5. Bd3 dxe4 6. Nxe4 Nd7 7. Qe2 Ndf6 8. 0-0 Nxe4 9. Bxe4 Nf6 10. Bd3 0-0 11. h3 b6 12. Re1 e6 13. Bf4 Bb7 14. Rad1 Qe7 15. c3 Rad8 16. Be5 c5 17. dxc5 Qxc5 18. Bxf6 Bxf6 19. Be4 Bc8 20. Rxd8 Rxd8 21. Rd1 Qc7 22. Rxd8+ Qxd8 23. Qc4 Qd1+ 24. Kh2 Qd6+ 25. g3 Bd7 26. Qd3 Qxd3 27. Bxd3 Bc6 28. Nd2 g5 29. Be4 Bd7 30. Nc4 h6 31. f4 Kf8 32. Ne5 Bb5 33. Kg2 Bg7 34. Kf3 f6 35. Bd3 Be8 36. Nc4 Bd7 37. Ne3 f5 38. Nc4 Bc6+ 39. Kf2 Ke7 40. Ne5 Be8 41. Ke3 Kd6 42. Nf3 Bf6 43. Nd4 a5 44. Bc4 Bd7 45. Be2 Bd8 46. a3 Bf6 47. Nb5+ Kd5 48. Nc7+ Kc5 49. Kd2 e5 50. fxg5 hxg5 51. b4+ Kc6 52. Nb5 f4 53. g4 e4 54. c4 Be8 55. Bd1 Bg6 56. Ba4 Kd7 57. Nc3+ Kd6 58. Nb5+ Ke5 59. c5 bxc5 60. bxa5 e3+ 61. Ke2 Be4 62. a6 Bd8 63. a7 Bb6 64. Bc2 Bc6 65. a4 c4 66. Bd1 f3+ 67. Kf1 c3 68. Nxc3 Bxa7 0-1

[Event "Euskadi-chT (Vasca) Div Honor"]
[Site "Bergara"]
[Date "2014.01.11"]
[Round "1"]
[White "Hernandez Sanchez, Elvis de la Caridad"]
[Black "Varas, Carlos"]
[Result "0-1"]
[WhiteElo "2346"]
[BlackElo "2272"]
[PlyCount "66"]
[EventDate "2014.01.11"]
[EventType "team-tourn"]
[EventRounds "9"]
[EventCountry "ESP"]
[SourceTitle "EXT 2024"]
[Source "ChessBase"]
[SourceDate "2023.10.10"]
[SourceVersion "1"]
[SourceVersionDate "2023.10.10"]
[SourceQuality "1"]

1. e4 c5 2. Nf3 e6 3. c3 b6 4. d4 Bb7 5. Bd3 Nf6 6. Qe2 Be7 7. 0-0 Nc6 8. a3 Na5 9. Nbd2 c4 10. Bc2 Qc7 11. Re1 0-0 12. Rb1 d6 13. Nf1 Rae8 14. e5 dxe5 15. dxe5 Nd7 16. Nd4 Rc8 17. Bf4 g6 18. Qg4 Nc5 19. Rbd1 a6 20. Re3 Rcd8 21. Rh3 Nc6 22. Nxc6 Qxc6 23. Rxd8 Rxd8 24. Bg5 Bxg5 25. Qxg5 Qd5 26. Rf3 Rd7 27. h4 Ne4 28. Bxe4 Qxe4 29. Re3 Qb1 30. h5 Rd1 31. h6 Rxf1+ 32. Kh2 Qd1 33. Rf3 Bxf3 0-1

[Event "ESP-chT CECLUB Div2 Gp1"]
[Site "Padron"]
[Date "2012.08.10"]
[Round "4.4"]
[White "Gonzalez Diaz, Julio"]
[Black "Varas, Carlos"]
[Result "1-0"]
[WhiteElo "2251"]
[BlackElo "2276"]
[PlyCount "23"]
[EventDate "2012.08.08"]
[EventType "team-swiss"]
[EventRounds "6"]
[EventCountry "ESP"]
[SourceTitle "CBM 149 Extra"]
[Source "ChessBase"]
[SourceDate "2012.08.24"]
[SourceVersion "1"]
[SourceVersionDate "2012.08.24"]
[SourceQuality "1"]
[WhiteTeam "Circulo de las Artes"]
[BlackTeam "Bilbao Conteneo"]
[WhiteTeamCountry "ESP"]
[BlackTeamCountry "ESP"]

1. c4 b6 2. Nc3 Bb7 3. e4 e6 4. Nge2 Nf6 5. d3 d5 6. cxd5 exd5 7. e5 d4 8. Qa4+ Nc6 9. exf6 dxc3 10. Qe4+ Kd7 11. fxg7 Bb4 12. Qf5+ 1-0

[Event "ESP-chT CECLUB Div2 Gp1"]
[Site "Padron"]
[Date "2012.08.08"]
[Round "1.4"]
[White "Susavila Muniz, Antonio"]
[Black "Varas, Carlos"]
[Result "0-1"]
[WhiteElo "1907"]
[BlackElo "2276"]
[PlyCount "76"]
[EventDate "2012.08.08"]
[EventType "team-swiss"]
[EventRounds "6"]
[EventCountry "ESP"]
[SourceTitle "CBM 149 Extra"]
[Source "ChessBase"]
[SourceDate "2012.08.24"]
[SourceVersion "1"]
[SourceVersionDate "2012.08.24"]
[SourceQuality "1"]
[WhiteTeam "Padron"]
[BlackTeam "Bilbao Conteneo"]
[WhiteTeamCountry "ESP"]
[BlackTeamCountry "ESP"]

1. e4 c5 2. c3 b6 3. d4 Bb7 4. Nd2 e6 5. Ngf3 Nf6 6. Bd3 Be7 7. 0-0 cxd4 8. cxd4 Ba6 9. Qe2 Bxd3 10. Qxd3 d5 11. e5 Nfd7 12. a3 a5 13. Re1 a4 14. Nf1 Nc6 15. Bd2 Na5 16. Bxa5 Rxa5 17. Rac1 0-0 18. Rc3 b5 19. Rec1 Nb6 20. Ne3 Nc4 21. Nd1 Qd7 22. Nd2 Bg5 23. b4 Bxd2 24. bxa5 Bxc1 25. Rxc1 Nxa5 26. Qc3 Nb3 27. Rc2 Qa7 28. Qb4 Qxd4 29. Qxd4 Nxd4 30. Rc5 g5 31. Nc3 Rb8 32. f3 Kg7 33. Kf2 h5 34. Kg3 b4 35. axb4 Rxb4 36. Ra5 Nf5+ 37. Kf2 Rb2+ 38. Kg1 Nh4 0-1

[Event "Euskadi-chT (Vasca) Div Honor"]
[Site "Bergara"]
[Date "2012.03.10"]
[Round "9.5"]
[White "Varas, Carlos"]
[Black "Franco Alonso, Alejandro"]
[Result "0-1"]
[WhiteElo "2259"]
[BlackElo "2449"]
[PlyCount "106"]
[EventDate "2012.01.14"]
[EventType "team-tourn"]
[EventRounds "9"]
[EventCountry "ESP"]
[SourceTitle "EXT 2024"]
[Source "ChessBase"]
[SourceDate "2023.10.10"]
[SourceVersion "1"]
[SourceVersionDate "2023.10.10"]
[SourceQuality "1"]
[WhiteTeam "Conteneo Bilbao Haitzak"]
[BlackTeam "Gros Xake Taldea"]
[WhiteTeamCountry "ESP"]
[BlackTeamCountry "ESP"]

1. e4 c5 2. Nc3 Nc6 3. Nf3 e6 4. d4 cxd4 5. Nxd4 d6 6. Be3 Nf6 7. f4 Be7 8. Be2 0-0 9. 0-0 Bd7 10. Nb3 Qc7 11. a4 Rfd8 12. a5 Nb4 13. Bf3 d5 14. exd5 Bc6 15. Qe2 Nfxd5 16. Nxd5 Nxd5 17. Bd2 Bf6 18. c3 b6 19. a6 Rac8 20. Be4 g6 21. Rac1 Ne7 22. Bxc6 Qxc6 23. Be3 Nf5 24. Nd2 Qd5 25. Rcd1 Qd3 26. Qxd3 Rxd3 27. Ne4 Rxd1 28. Rxd1 Nxe3 29. Nxf6+ Kg7 30. Rd3 Kxf6 31. Rxe3 Rc4 32. Rd3 Ke7 33. b3 Rxf4 34. c4 h5 35. g3 Re4 36. Kf2 g5 37. Kf3 Re1 38. b4 Rc1 39. Rd4 e5 40. Rd5 Ke6 41. Rd8 Rc3+ 42. Ke2 Rxc4 43. b5 Rb4 44. Ra8 Rxb5 45. Rxa7 Ra5 46. Kd3 f6 47. h3 Kf5 48. Ra8 b5 49. a7 Ra3+ 50. Kc2 b4 51. Kb2 Ke4 52. h4 gxh4 53. gxh4 f5 0-1

[Event "Basque-chT"]
[Site "Bergara"]
[Date "2012.02.18"]
[Round "6"]
[White "Varas, Carlos"]
[Black "Romero Holmes, Alfonso"]
[Result "0-1"]
[WhiteElo "2259"]
[BlackElo "2501"]
[PlyCount "132"]
[EventDate "2012.01.14"]
[EventType "team"]
[EventRounds "9"]
[EventCountry "ESP"]
[SourceTitle "EXT 2013"]
[Source "ChessBase"]
[SourceDate "2012.11.22"]
[SourceVersion "1"]
[SourceVersionDate "2012.11.22"]
[SourceQuality "1"]
[WhiteTeam "Conteneo Bilbao Haitzak"]
[BlackTeam "Sestao"]
[WhiteTeamCountry "ESP"]
[BlackTeamCountry "ESP"]

1. e4 c5 2. Nf3 g6 3. d4 cxd4 4. Nxd4 Bg7 5. Nc3 Nc6 6. Be3 Nf6 7. Be2 0-0 8. 0-0 d6 9. Nb3 b6 10. f4 Bb7 11. Bf3 Nd7 12. Qd2 Rc8 13. Kh1 Re8 14. Rad1 Nc5 15. Qf2 Bxc3 16. bxc3 Ba6 17. Rfe1 Na4 18. Bd2 Nb8 19. Qd4 Nb2 20. Rb1 Nc4 21. Bc1 e5 22. Qf2 exf4 23. Bxf4 Ne5 24. Rbd1 Rxc3 25. Bxe5 Rxe5 26. Qd4 Qc7 27. Qxd6 Qxd6 28. Rxd6 Nc6 29. Rc1 Re7 30. Kg1 Rc7 31. Nd4 Nxd4 32. Rxd4 Ra3 33. e5 Bc4 34. Bd5 Bxd5 35. Rxd5 Rxa2 36. c4 Ra4 37. c5 Ra5 38. Rd8+ Kg7 39. c6 Rxe5 40. Rd7 Rxd7 41. cxd7 Rd5 42. Rc7 a5 43. Rb7 a4 44. Rxb6 Rxd7 45. Ra6 Rd4 46. Kf2 h5 47. g3 h4 48. Kf3 Rb4 49. Kg2 g5 50. Kh3 f6 51. Ra8 Kg6 52. Ra5 Re4 53. Ra6 Rd4 54. Ra5 Kh5 55. g4+ Kh6 56. Ra6 Kg6 57. Ra7 Rd3+ 58. Kg2 a3 59. Ra6 Rb3 60. Ra7 Rd3 61. Ra6 Kf7 62. Ra7+ Ke6 63. Ra6+ Ke5 64. Ra5+ Kf4 65. Ra4+ Ke3 66. Ra6 h3+ 0-1

[Event "Euskadi-ch"]
[Site "Zornotza"]
[Date "2010.04.08"]
[Round "4"]
[White "Varas, Carlos"]
[Black "Hernandez Perez, Jesus"]
[Result "1-0"]
[WhiteElo "2254"]
[BlackElo "2045"]
[PlyCount "81"]
[EventDate "2010.04.05"]
[EventType "swiss"]
[EventRounds "7"]
[EventCountry "ESP"]
[SourceTitle "CBM 136 Extra"]
[Source "ChessBase"]
[SourceDate "2010.07.02"]
[SourceVersion "2"]
[SourceVersionDate "2010.07.15"]
[SourceQuality "1"]

1. e4 c5 2. Nf3 d6 3. d4 cxd4 4. Nxd4 Nf6 5. Nc3 g6 6. Be2 Bg7 7. 0-0 0-0 8. Be3 Nc6 9. Nb3 Be6 10. f4 Qc8 11. Kh1 Rd8 12. Bg1 d5 13. e5 Ne4 14. Bd3 f6 15. exf6 exf6 16. f5 Bxf5 17. Nxd5 Kh8 18. c4 Ne5 19. Bxe4 Bxe4 20. Nc5 f5 21. b3 Nc6 22. Nxe4 fxe4 23. Rc1 Qd7 24. Qc2 b5 25. Qxe4 bxc4 26. bxc4 Re8 27. Qh4 Rf8 28. Bc5 Rxf1+ 29. Rxf1 Re8 30. Nf6 Bxf6 31. Qxf6+ Kg8 32. h3 Qe6 33. Qf4 a6 34. Qh6 Ne7 35. Bd4 Nf5 36. Rxf5 Qd7 37. Rf4 Re1+ 38. Kh2 Qe7 39. c5 g5 40. Rf5 Qc7+ 41. Qd6 1-0

[Event "Euskadi-ch"]
[Site "Zornotza"]
[Date "2008.03.30"]
[Round "7"]
[White "Agirretxe San Sebastian, Jesus Maria"]
[Black "Varas, Carlos"]
[Result "0-1"]
[WhiteElo "2182"]
[BlackElo "2250"]
[PlyCount "91"]
[EventDate "2008.03.24"]
[EventType "swiss"]
[EventRounds "7"]
[EventCountry "ESP"]
[SourceTitle "CBM 123 Extra"]
[Source "ChessBase"]
[SourceDate "2008.05.06"]
[SourceVersion "1"]
[SourceVersionDate "2008.05.06"]
[SourceQuality "1"]

1. d4 e6 2. c4 b6 3. a3 Nf6 4. Nc3 Bb7 5. Nf3 d5 6. Bg5 Nbd7 7. cxd5 exd5 8. e3 Be7 9. Be2 0-0 10. 0-0 Ne4 11. Bxe7 Qxe7 12. Rc1 c5 13. dxc5 Nxc3 14. Rxc3 bxc5 15. b4 c4 16. Qd4 Rfd8 17. h3 Nf8 18. Rd1 Ne6 19. Qe5 f6 20. Qf5 g6 21. Qc2 f5 22. Nd4 Ng5 23. f3 Qd6 24. h4 Nf7 25. Bf1 Re8 26. Qf2 Re7 27. g3 Rae8 28. Bg2 Ne5 29. Bf1 Nd7 30. Re1 Nf6 31. Rd1 Nh5 32. Kg2 Qb6 33. Rb1 Ng7 34. Kh2 h6 35. Bh3 Qf6 36. Bg2 g5 37. f4 gxh4 38. gxh4 Kh7 39. Bf3 Qd6 40. Bd1 Ne6 41. Nxf5 Qc6 42. Nxe7 Rxe7 43. Bc2+ Kh8 44. h5 Ng7 45. Bg6 Qf6 46. Qg3 0-1

[Event "Euskadi-ch"]
[Site "Zornotza"]
[Date "2008.03.26"]
[Round "3"]
[White "Astasio Lopez, David"]
[Black "Varas, Carlos"]
[Result "1-0"]
[WhiteElo "2192"]
[BlackElo "2250"]
[PlyCount "105"]
[EventDate "2008.03.24"]
[EventType "swiss"]
[EventRounds "7"]
[EventCountry "ESP"]
[SourceTitle "CBM 123 Extra"]
[Source "ChessBase"]
[SourceDate "2008.05.06"]
[SourceVersion "1"]
[SourceVersionDate "2008.05.06"]
[SourceQuality "1"]

1. d4 Nf6 2. Nd2 d5 3. Ngf3 e6 4. e3 c5 5. c3 Nc6 6. Bd3 Bd6 7. 0-0 0-0 8. Qe2 Qc7 9. a3 c4 10. Bc2 e5 11. dxe5 Nxe5 12. Nxe5 Bxe5 13. h3 Re8 14. Qf3 Bd7 15. Re1 b5 16. Qd1 a5 17. Nf3 Bd6 18. Nd4 g6 19. Bd2 Ne4 20. Bxe4 dxe4 21. f4 exf3 22. Qxf3 Qc5 23. Re2 Qe5 24. g4 Qe4 25. Rf1 Qxf3 26. Rxf3 Be5 27. Kf2 Re7 28. Ke1 Be8 29. Kd1 Rb7 30. Be1 Bg7 31. g5 Bf8 32. e4 Be7 33. Rg3 b4 34. cxb4 axb4 35. Bxb4 Bxb4 36. axb4 Rxb4 37. Kc2 Rb6 38. Kc3 Rab8 39. Rge3 Bd7 40. e5 Bxh3 41. Rxh3 Rb3+ 42. Nxb3 Rxb3+ 43. Kxc4 Rxh3 44. b4 Rh1 45. b5 Rb1 46. Kc5 Kg7 47. b6 Rc1+ 48. Kd6 Rd1+ 49. Kc7 Rc1+ 50. Kb8 h6 51. gxh6+ Kxh6 52. b7 g5 53. Rb2 1-0

[Event "Euskadi-ch"]
[Site "Zornotza"]
[Date "2008.03.24"]
[Round "1"]
[White "Villalta Bustillo, Igor"]
[Black "Varas, Carlos"]
[Result "1/2-1/2"]
[WhiteElo "2119"]
[BlackElo "2250"]
[PlyCount "52"]
[EventDate "2008.03.24"]
[EventType "swiss"]
[EventRounds "7"]
[EventCountry "ESP"]
[SourceTitle "CBM 123 Extra"]
[Source "ChessBase"]
[SourceDate "2008.05.06"]
[SourceVersion "1"]
[SourceVersionDate "2008.05.06"]
[SourceQuality "1"]

1. d4 e6 2. Nf3 Nf6 3. Nbd2 c5 4. e3 Nc6 5. c3 b6 6. Bd3 Bb7 7. 0-0 Qc7 8. a3 d5 9. Qe2 Bd6 10. e4 dxe4 11. Nxe4 Nxe4 12. Bxe4 cxd4 13. cxd4 Ne7 14. Bd3 Nd5 15. Ne5 0-0 16. Re1 Rae8 17. Qh5 f5 18. Bg5 Bxe5 19. Rxe5 Nf6 20. Bxf6 gxf6 21. Re3 f4 22. Ree1 Re7 23. Rac1 Qd6 24. Bc4 Kh8 25. Rcd1 Qc6 26. Bf1 Qd5 1/2-1/2

[Event "ESP-chT CECLUB Sur Div 1"]
[Site "Burguillos"]
[Date "2007.08.22"]
[Round "1"]
[White "Caraballo Campos, Francisco Jose"]
[Black "Varas, Carlos"]
[Result "0-1"]
[WhiteElo "2213"]
[BlackElo "2239"]
[PlyCount "72"]
[EventDate "2007.08.22"]
[EventType "team-tourn"]
[EventRounds "6"]
[EventCountry "ESP"]
[SourceTitle "CBM 119 Extra"]
[Source "ChessBase"]
[SourceDate "2007.09.04"]
[SourceVersion "1"]
[SourceVersionDate "2007.09.04"]
[SourceQuality "1"]

1. e4 c5 2. c4 Nc6 3. Nf3 e6 4. Nc3 Nf6 5. Be2 d5 6. d3 d4 7. Nb1 h6 8. h3 Bd6 9. Bd2 e5 10. Nh2 Be6 11. Na3 a6 12. Rb1 Bc7 13. 0-0 Ba5 14. Nc2 Bxd2 15. Qxd2 b5 16. b3 0-0 17. f4 exf4 18. Rxf4 bxc4 19. bxc4 Rb8 20. Rff1 Nd7 21. Na1 Qc7 22. Nb3 a5 23. Rbe1 a4 24. Nc1 Qa5 25. Qf4 Nde5 26. Bg4 Qc3 27. Bxe6 fxe6 28. Qg3 Rxf1+ 29. Rxf1 Rb2 30. Ng4 Qd2 31. Nf6+ Kh8 32. Nh5 Qe3+ 33. Qxe3 dxe3 34. Re1 Nd4 35. Kf1 Rf2+ 36. Kg1 Nef3+ 0-1

[Event "San Sebastian op 30th"]
[Site "San Sebastian"]
[Date "2007.04.07"]
[Round "8"]
[White "Varas, Carlos"]
[Black "Gonzalez Menendez, Ivan"]
[Result "1/2-1/2"]
[WhiteElo "2239"]
[BlackElo "2401"]
[PlyCount "54"]
[EventDate "2007.04.01"]
[EventType "swiss"]
[EventRounds "9"]
[EventCountry "ESP"]
[SourceTitle "CBM 117 Extra"]
[Source "ChessBase"]
[SourceDate "2007.05.09"]
[SourceVersion "1"]
[SourceVersionDate "2007.05.09"]
[SourceQuality "1"]

1. e4 e6 2. d4 d5 3. Nc3 Bb4 4. Bd3 dxe4 5. Bxe4 Nf6 6. Bg5 h6 7. Bxf6 Qxf6 8. Nf3 0-0 9. 0-0 Nd7 10. Qe2 c5 11. Bd3 cxd4 12. Ne4 Qd8 13. Rad1 e5 14. c3 dxc3 15. bxc3 Be7 16. Ng3 Qc7 17. Qe4 Nf6 18. Qxe5 Qxe5 19. Nxe5 Be6 20. c4 Rac8 21. Bf5 Bxf5 22. Nxf5 Bb4 23. Rb1 a5 24. Rxb4 axb4 25. Ne7+ Kh7 26. Nxc8 Rxc8 27. Rb1 Ra8 1/2-1/2